| 000 | 00308nam a2200109Ia 4500 | ||
|---|---|---|---|
| 008 | 230907s9999||||xx |||||||||||||| ||und|| | ||
| 082 |
_a338.6420954 _bCHA |
||
| 245 | 0 | _aEntrepreneurship development and small business enterprises / | |
| 260 |
_aPearson; _bdownload _c2014 |
||
| 300 | _axx, 396 p. | ||
| 942 | _cBK | ||
| 999 |
_c596389 _d596389 |
||